Dopasuj imię do nazwiska - polscy piosenkarze - Statystyki

Ogólne statystyki
  • Ten quiz został rozwiązany 96 razy
  • Średni wynik to 14 z 20
Statystyki odpowiedzi
Hint Odpowiedź % Poprawnych
Dawid Podsiadło
94%
Zbigniew Wodecki
90%
Czesław Niemen
87%
Marek Grechuta
83%
Krzysztof Krawczyk
83%
Michał Wiśniewski
81%
Paweł Kukiz
78%
Mieczysław Fogg
75%
Seweryn Krajewski
75%
Ryszard Rynkowski
72%
Grzegorz Turnau
71%
Jerzy Połomski
70%
Stan Borys
67%
Andrzej Rosiewicz
61%
Wojciech Gąssowski
59%
Bogusław Mec
54%
Janusz Laskowski
51%
Tadeusz Woźniak
48%
Piotr Szczepanik
41%
Jacek Lech
32%
Nie znaleziono quizów pasujących do podanych kryteriów
Rozkład punktacji
Procent ludzi z każdym wynikiem
Percentyl według liczby udzielonych odpowiedzi
Twoja historia wyników
Nie rozwiązałeś tego quizu